| 000 | 00561nam a22001817a 4500 | ||
|---|---|---|---|
| 999 |
_c62947 _d62947 |
||
| 005 | 20250402111258.0 | ||
| 008 | 250327s1997 enk||||| |||| 00| 0 eng d | ||
| 020 | _a9781853264849x | ||
| 041 | _aeng | ||
| 080 | _a159.922.4 F-84 | ||
| 100 |
_aFreud, Sigmund _99435 |
||
| 245 |
_aThe Interpretation of Dreams / _cSigmund Freud; Translation by A. A. Brill. |
||
| 264 |
_aLondon : _b Wordsworth Editions Ltd, _c1997. |
||
| 300 |
_a452 p.: _b20 cm. |
||
| 653 | _aფსიქოლოგია | ||
| 700 |
_aBrill, A.A. _924704 |
||
| 942 |
_2udc _cᲬᲘᲒᲜᲘ |
||